[Event "Agen 2017 - Open D"]
[Site "?"]
[Date "2017.08.26"]
[Round "8.2"]
[White "Charruyer, Baptiste"]
[Black "Alachtar, Socrate"]
[Result "0-1"]
[LiveChessVersion "1.4.8"]
[BlackElo "1426"]
[WhiteElo "1472"]

1. e4 {[%clk 1:30:53]} e6 {[%clk 1:30:54]} 2. d4 {[%clk 1:31:13]} c5
{[%clk 1:31:18]} 3. Nf3 {[%clk 1:29:15]} Nf6 {[%clk 1:31:11]} 4. Nc3
{[%clk 1:25:23]} Qb6 {[%clk 1:30:21]} 5. e5 {[%clk 1:21:08]} Ng8 {[%clk 1:30:07]}
6. d5 {[%clk 1:16:16]} d6 {[%clk 1:29:05]} 7. Bb5+ {[%clk 1:13:21]} Bd7
{[%clk 1:26:58]} 8. Bxd7+ {[%clk 1:08:54]} Nxd7 {[%clk 1:27:19]} 9. dxe6
{[%clk 1:08:15]} fxe6 {[%clk 1:27:26]} 10. exd6 {[%clk 1:05:38]} Bxd6
{[%clk 1:27:00]} 11. Qe2 {[%clk 1:04:19]} e5 {[%clk 1:21:54]} 12. O-O
{[%clk 1:01:17]} Ngf6 {[%clk 1:21:31]} 13. Rd1 {[%clk 0:57:14]} O-O-O
{[%clk 1:20:29]} 14. Nb5 {[%clk 0:50:09]} Bb8 {[%clk 1:15:04]} 15. a4
{[%clk 0:43:46]} a6 {[%clk 1:14:42]} 16. Na3 {[%clk 0:42:08]} h6 {[%clk 1:14:06]}
17. Nc4 {[%clk 0:39:37]} Qe6 {[%clk 1:12:25]} 18. Bd2 {[%clk 0:34:35]} e4
{[%clk 1:09:23]} 19. Ba5 {[%clk 0:31:11]} Rde8 {[%clk 1:08:00]} 20. Ne1
{[%clk 0:28:57]} Nd5 {[%clk 1:04:08]} 21. Ne3 {[%clk 0:26:48]} Nf4
{[%clk 0:59:17]} 22. Qg4 {[%clk 0:24:31]} Qc6 {[%clk 0:55:49]} 23. g3
{[%clk 0:21:41]} Ne6 {[%clk 0:53:37]} 24. Bc3 {[%clk 0:18:52]} h5
{[%clk 0:52:27]} 25. Qe2 {[%clk 0:17:39]} h4 {[%clk 0:52:29]} 26. b4
{[%clk 0:16:35]} hxg3 {[%clk 0:52:15]} 27. fxg3 {[%clk 0:16:53]} Rh3
{[%clk 0:48:14]} 28. b5 {[%clk 0:16:06]} Qc7 {[%clk 0:38:23]} 29. bxa6
{[%clk 0:14:01]} b6 {[%clk 0:33:29]} 30. a5 {[%clk 0:13:15]} Reh8
{[%clk 0:33:19]} 31. Nf1 {[%clk 0:10:34]} Rxh2 {[%clk 0:27:08]} 32. Qxh2
{[%clk 0:03:11]} Rxh2 {[%clk 0:27:20]} 33. Kxh2 {[%clk 0:03:37]} b5
{[%clk 0:25:29]} 34. Rd5 {[%clk 0:02:27]} e3 {[%clk 0:23:56]} 35. a7
{[%clk 0:02:19]} Bxa7 {[%clk 0:23:15]} 36. Nxe3 {[%clk 0:02:38]} Nf6
{[%clk 0:21:43]} 37. Bxf6 {[%clk 0:02:49]} gxf6 {[%clk 0:21:24]} 38. Rad1
{[%clk 0:02:49]} Qh7+ {[%clk 0:20:49]} 39. Kg2 {[%clk 0:02:59]} Qe4+
{[%clk 0:20:53]} 40. Kh2 {[%clk 0:32:35]} Qxe3 {[%clk 0:51:00]} 41. Rd6
{[%clk 0:32:14]} Nd4 {[%clk 0:50:28]} 42. Ng2 {[%clk 0:31:30]} Qe5
{[%clk 0:49:36]} 43. Ra6 {[%clk 0:31:28]} Kb7 44. Nh4 Qh5 0-1

[Event "Agen 2017 - Open D"]
[Site "?"]
[Date "2017.08.26"]
[Round "8.3"]
[White "Rozec, Mialy"]
[Black "Lepape, Eleonore"]
[Result "1-0"]
[LiveChessVersion "1.4.8"]
[BlackElo "1439"]
[WhiteElo "1435"]

1. d4 {[%clk 1:30:46]} d5 {[%clk 1:30:52]} 2. c4 {[%clk 1:31:11]} e6
{[%clk 1:31:17]} 3. Nf3 {[%clk 1:30:12]} a6 {[%clk 1:30:51]} 4. Nc3
{[%clk 1:25:16]} Nf6 {[%clk 1:30:56]} 5. cxd5 {[%clk 1:24:01]} exd5
{[%clk 1:30:55]} 6. Bg5 {[%clk 1:23:09]} Be7 {[%clk 1:27:52]} 7. e3
{[%clk 1:17:34]} h6 {[%clk 1:22:38]} 8. Bh4 {[%clk 1:15:14]} Bf5 9. Qb3
{[%clk 1:09:46]} Nc6 {[%clk 1:13:44]} 10. Bxf6 {[%clk 1:01:47]} Na5
{[%clk 1:09:49]} 11. Qxd5 {[%clk 0:58:14]} Qxd5 {[%clk 1:09:08]} 12. Nxd5
{[%clk 0:58:37]} Bxf6 {[%clk 1:09:20]} 13. Nxc7+ {[%clk 0:58:55]} Ke7
{[%clk 1:09:14]} 14. Nxa8 {[%clk 0:59:19]} Rxa8 {[%clk 1:09:31]} 15. Rc1
{[%clk 0:58:45]} Kf8 {[%clk 1:07:15]} 16. Kd2 {[%clk 0:58:45]} Be7
{[%clk 1:05:10]} 17. Bd3 {[%clk 0:52:29]} Be6 {[%clk 1:00:50]} 18. Ke2
{[%clk 0:52:17]} Bb4 {[%clk 0:56:08]} 19. a3 {[%clk 0:52:12]} Be7
{[%clk 0:54:49]} 20. Nd2 {[%clk 0:41:47]} Re8 {[%clk 0:50:50]} 21. b4
{[%clk 0:37:29]} Nc6 {[%clk 0:51:11]} 22. Be4 {[%clk 0:17:47]} Nd8
{[%clk 0:45:26]} 23. d5 {[%clk 0:16:48]} Bg4+ {[%clk 0:44:50]} 24. f3
{[%clk 0:17:12]} Bh5 {[%clk 0:45:13]} 25. g4 {[%clk 0:17:37]} Bg6
{[%clk 0:45:34]} 26. Bxg6 {[%clk 0:17:54]} fxg6 {[%clk 0:45:57]} 27. Ne4
{[%clk 0:14:39]} Nf7 {[%clk 0:44:33]} 28. Rc7 {[%clk 0:12:03]} Nd8
{[%clk 0:42:17]} 29. Rc8 {[%clk 0:11:10]} a5 {[%clk 0:39:40]} 30. h4
{[%clk 0:10:10]} axb4 {[%clk 0:39:50]} 31. d6 {[%clk 0:10:23]} Bf6
{[%clk 0:39:26]} 32. Nxf6 {[%clk 0:10:42]} gxf6 {[%clk 0:39:50]} 33. d7
{[%clk 0:11:05]} 1-0

[Event "Agen 2017 - Open D"]
[Site "?"]
[Date "2017.08.26"]
[Round "8.4"]
[White "Desplanque, Christophe"]
[Black "Rubio, Valentin"]
[Result "0-1"]
[LiveChessVersion "1.4.8"]
[BlackElo "1439"]
[WhiteElo "1412"]

1. b4 {[%clk 1:30:58]} a6 {[%clk 1:26:55]} 2. Bb2 {[%clk 1:30:55]} Nc6
{[%clk 1:26:31]} 3. a3 {[%clk 1:31:00]} e5 {[%clk 1:25:52]} 4. e3
{[%clk 1:30:23]} Nf6 {[%clk 1:24:02]} 5. c4 {[%clk 1:29:11]} d6 {[%clk 1:19:33]}
6. Nf3 {[%clk 1:25:43]} Be6 {[%clk 1:14:53]} 7. Nc3 {[%clk 1:22:23]} Ne7
{[%clk 1:00:44]} 8. d4 {[%clk 1:19:17]} Ng6 {[%clk 0:56:49]} 9. d5
{[%clk 1:11:15]} Bf5 {[%clk 0:56:17]} 10. Be2 {[%clk 1:04:55]} Be7
{[%clk 0:54:45]} 11. O-O {[%clk 1:00:27]} O-O {[%clk 0:49:58]} 12. Nd2
{[%clk 0:55:02]} Rc8 {[%clk 0:44:03]} 13. e4 {[%clk 0:53:14]} Bd7
{[%clk 0:44:24]} 14. a4 {[%clk 0:43:39]} c6 {[%clk 0:37:54]} 15. Qb3
{[%clk 0:37:14]} Nf4 {[%clk 0:30:20]} 16. Bf3 {[%clk 0:35:16]} a5
{[%clk 0:25:06]} 17. dxc6 {[%clk 0:32:25]} bxc6 {[%clk 0:23:39]} 18. b5
{[%clk 0:31:01]} Rb8 {[%clk 0:19:26]} 19. Rfd1 {[%clk 0:27:55]} Qb6
{[%clk 0:17:05]} 20. Ba3 {[%clk 0:25:05]} Ng4 {[%clk 0:13:14]} 21. c5
{[%clk 0:23:19]} dxc5 {[%clk 0:12:04]} 22. Nc4 {[%clk 0:23:38]} Qc7
{[%clk 0:09:28]} 23. h3 {[%clk 0:21:37]} Nf6 {[%clk 0:09:37]} 24. b6
{[%clk 0:20:33]} Be6 {[%clk 0:09:22]} 25. Qc2 {[%clk 0:16:30]} Qc8
{[%clk 0:07:11]} 26. Nd6 {[%clk 0:15:26]} Bxd6 {[%clk 0:05:57]} 27. Rxd6
{[%clk 0:15:48]} Rxb6 {[%clk 0:05:35]} 28. Bxc5 {[%clk 0:15:53]} Rb3
{[%clk 0:05:10]} 29. Rxe6 {[%clk 0:11:55]} Qxe6 {[%clk 0:05:31]} 30. Bxf8
{[%clk 0:12:15]} Kxf8 {[%clk 0:05:56]} 31. Bd1 {[%clk 0:10:35]} Rb4
{[%clk 0:05:03]} 32. Rb1 {[%clk 0:10:07]} Rxb1 {[%clk 0:04:48]} 33. Nxb1
{[%clk 0:10:19]} Qd6 {[%clk 0:03:23]} 34. Nd2 {[%clk 0:10:13]} Nd7
{[%clk 0:02:26]} 35. Nc4 {[%clk 0:09:35]} Qc5 {[%clk 0:02:48]} 36. Qc3
{[%clk 0:09:18]} Ne6 {[%clk 0:01:48]} 37. Bb3 {[%clk 0:08:03]} Qb4
{[%clk 0:01:32]} 38. Qxb4+ {[%clk 0:08:02]} axb4 {[%clk 0:01:59]} 39. a5
{[%clk 0:06:43]} Nc7 {[%clk 0:01:50]} 40. Kf1 {[%clk 0:36:47]} Nc5
{[%clk 0:31:44]} 41. Bc2 {[%clk 0:36:59]} f6 {[%clk 0:31:45]} 42. f3
{[%clk 0:37:02]} Ke7 {[%clk 0:26:17]} 43. Ke1 {[%clk 0:35:40]} Kd8
{[%clk 0:17:30]} 44. Kd2 {[%clk 0:33:28]} Kc8 {[%clk 0:16:09]} 45. Nb6+
{[%clk 0:32:10]} Kb7 {[%clk 0:16:22]} 46. Bd1 {[%clk 0:30:37]} Ka6
{[%clk 0:15:41]} 47. Nc4 {[%clk 0:30:46]} Nb7 {[%clk 0:14:40]} 48. Be2
{[%clk 0:30:16]} Nb5 {[%clk 0:14:47]} 49. Kc2 {[%clk 0:30:08]} Nxa5
{[%clk 0:14:54]} 50. Nd6 {[%clk 0:29:56]} Kb6 {[%clk 0:14:35]} 51. Bxb5
{[%clk 0:29:49]} cxb5 {[%clk 0:14:59]} 52. Ne8 {[%clk 0:30:00]} Kc5
{[%clk 0:13:17]} 53. Nxg7 {[%clk 0:30:04]} b3+ {[%clk 0:13:04]} 54. Kb2
{[%clk 0:30:08]} Kb4 {[%clk 0:13:24]} 55. Ne6 {[%clk 0:29:18]} Nc4+
{[%clk 0:13:20]} 56. Kc1 {[%clk 0:28:23]} Kc3 {[%clk 0:13:02]} 57. Nc7
{[%clk 0:25:03]} b2+ {[%clk 0:13:25]} 0-1

[Event "Champ France Acc"]
[Site "Agen"]
[Date "2017/08/25"]
[Round "8"]
[White "BROCHET, Philippe"]
[Black "BELLAHCENE,Bilel"]
[Result "0-1"]
[WhiteElo "2417"]
[BlackElo "2481"]

1. e4 c5
2. a3 g6
3. Nc3 Bg7
4. Bc4 e6
5. Nf3 Ne7
6. d4 cxd4
7. Nxd4 O-O
8. Bg5 Nbc6
9. Ndb5 a6
10. Nd6 b5
11. Ba2 Qc7
12. Qd2 h6
13. Bf4 Ne5
14. Nxc8 Raxc8
15. Bxh6 Bxh6
16. Qxh6 a5
17. Rc1 b4
18. axb4 axb4
19. Ne2 f5
20. Qh4 Rf7
21. exf5 gxf5
22. Nf4 Rh7
23. Nh5 Nd3+
24. Kd2 Rxh5
25. Qxh5 Nxc1
26. Qg5+ Kf7
27. Rxc1 Qd6+
28. Ke1 Qxh2
29. Qd2 Rc5
30. Qxd7 Qg1+
31. Kd2 Qxf2+
32. Kd3 Qg3+
33. Kd4 Qe5+
34. Kd3 Qe4+
35. Kd2 Qxg2+
36. Kd3 Qg3+
37. Kd4 Qe5+
38. Kd3 Rc6 0-1

[Event "Champ France Acc"]
[Site "Agen"]
[Date "2017/08/25"]
[Round "8"]
[White "LE HETET, Nicolas"]
[Black "MIDOUX, Sebastien"]
[Result "1/2-1/2"]
[WhiteElo "2317"]
[BlackElo "2321"]

1. e4 c5
2. Nf3 d6
3. d4 cxd4
4. Nxd4 Nf6
5. Nc3 a6
6. g3 e5
7. Nde2 Be7
8. Bg2 O-O
9. O-O b5
10. h3 Bb7
11. g4 b4
12. Nd5 Nxd5
13. exd5 Nd7
14. Ng3 g6
15. a3 a5
16. Be3 Ba6
17. Re1 f5
18. gxf5 Bg5
19. fxg6 Bf4
20. gxh7+ Kh8
21. axb4 axb4
22. Ne4 Nb6
23. Bxf4 Rxf4
24. Qh5 Bb7
25. Rxa8 Bxa8
26. Ng5 Qf8
27. Ne6 Rf5
28. Qg4 Qf7
29. Ra1 Rf6
30. Ra7 Qg6
31. Ng5 Bxd5
32. Bxd5 1/2-1/2

[Event "Agen 2017 National"]
[Site "?"]
[Date "2017.08.27"]
[Round "9.2"]
[White "Chabanon, Jean-Luc"]
[Black "Fressinet, Laurent"]
[Result "0-1"]
[BlackElo "2650"]
[WhiteElo "2467"]
[LiveChessVersion "1.4.8"]

1. d4 {[%clk 1:27:08]} Nf6 {[%clk 1:29:27]} 2. Nf3 {[%clk 1:27:33]} d5
{[%clk 1:29:41]} 3. g3 {[%clk 1:27:04]} Bf5 {[%clk 1:27:47]} 4. Bg2
{[%clk 1:27:08]} e6 {[%clk 1:27:37]} 5. c4 {[%clk 1:27:25]} c6 {[%clk 1:25:53]}
6. Qb3 {[%clk 1:26:51]} Qb6 {[%clk 1:23:42]} 7. c5 {[%clk 1:21:02]} Qa6
{[%clk 1:19:25]} 8. Nc3 {[%clk 1:18:23]} b6 {[%clk 1:16:28]} 9. cxb6
{[%clk 1:17:45]} axb6 {[%clk 1:15:53]} 10. O-O {[%clk 1:18:01]} Be7
{[%clk 1:08:49]} 11. Nd2 {[%clk 1:10:13]} O-O {[%clk 1:07:18]} 12. e4
{[%clk 1:06:09]} Bg6 {[%clk 1:06:51]} 13. Re1 {[%clk 0:40:23]} Rd8
{[%clk 1:04:33]} 14. a3 {[%clk 0:35:33]} Ra7 {[%clk 0:52:16]} 15. exd5
{[%clk 0:30:31]} cxd5 {[%clk 0:50:01]} 16. Bf1 {[%clk 0:25:46]} Qb7
{[%clk 0:49:05]} 17. Nf3 {[%clk 0:25:36]} Nc6 {[%clk 0:47:59]} 18. Nb5
{[%clk 0:23:56]} Raa8 {[%clk 0:47:11]} 19. Nh4 {[%clk 0:15:17]} Na5
{[%clk 0:43:15]} 20. Qa2 {[%clk 0:07:48]} Bh5 {[%clk 0:41:01]} 21. Bf4
{[%clk 0:06:29]} Ne4 {[%clk 0:39:13]} 22. Rac1 {[%clk 0:06:19]} Nc6
{[%clk 0:37:01]} 23. Rxc6 {[%clk 0:04:15]} Qxc6 {[%clk 0:36:25]} 24. Rc1
{[%clk 0:04:33]} Qd7 {[%clk 0:35:22]} 25. Nc7 {[%clk 0:05:03]} Ra5
{[%clk 0:27:29]} 26. Qb3 {[%clk 0:05:20]} g5 {[%clk 0:27:18]} 27. Qxb6
{[%clk 0:05:00]} gxf4 {[%clk 0:26:53]} 28. Qxa5 {[%clk 0:05:26]} Bxh4
{[%clk 0:27:12]} 29. gxh4 {[%clk 0:05:44]} Kh8 {[%clk 0:25:49]} 30. Bh3
{[%clk 0:04:58]} Rg8+ {[%clk 0:24:48]} 31. Kf1 {[%clk 0:05:27]} Qe7
{[%clk 0:24:33]} 0-1

[Event "Agen 2017 National"]
[Site "?"]
[Date "2017.08.27"]
[Round "9.3"]
[White "Gozzoli, Yannick"]
[Black "Gharamian, Tigran"]
[Result "1/2-1/2"]
[BlackElo "2616"]
[WhiteElo "2592"]
[LiveChessVersion "1.4.8"]

1. d4 {[%clk 1:30:49]} Nf6 {[%clk 1:29:21]} 2. c4 {[%clk 1:31:02]} e6
{[%clk 1:29:42]} 3. Nf3 {[%clk 1:30:28]} d5 {[%clk 1:24:40]} 4. Nc3
{[%clk 1:26:26]} Be7 {[%clk 1:19:22]} 5. Bf4 {[%clk 1:23:52]} O-O
{[%clk 1:15:42]} 6. e3 {[%clk 1:22:54]} c5 {[%clk 1:14:18]} 7. dxc5
{[%clk 1:21:50]} Bxc5 {[%clk 1:14:04]} 8. Qc2 {[%clk 1:17:56]} Nc6
{[%clk 1:08:51]} 9. a3 {[%clk 1:16:15]} Qa5 {[%clk 1:00:48]} 10. Rd1
{[%clk 1:12:49]} Re8 {[%clk 1:00:45]} 11. Nd2 {[%clk 1:08:51]} e5
{[%clk 0:58:15]} 12. Bg5 {[%clk 1:08:31]} Nd4 {[%clk 0:57:26]} 13. Qc1
{[%clk 0:57:12]} Bf5 {[%clk 0:45:27]} 14. Bxf6 {[%clk 0:53:42]} Nc2+
{[%clk 0:44:11]} 15. Ke2 {[%clk 0:53:55]} Nd4+ {[%clk 0:43:44]} 16. Ke1
{[%clk 0:53:22]} Nc2+ {[%clk 0:43:46]} 17. Ke2 {[%clk 0:53:40]} Nd4+
{[%clk 0:43:57]} 18. Ke1 {[%clk 0:53:02]} Nc2+ {[%clk 0:43:19]} 19. Ke2 1/2-1/2

[Event "Agen 2017 National"]
[Site "?"]
[Date "2017.08.27"]
[Round "9.4"]
[White "Jolly, Jean-Francois"]
[Black "Maze, Sebastien"]
[Result "0-1"]
[BlackElo "2612"]
[WhiteElo "2381"]
[LiveChessVersion "1.4.8"]

1. e4 {[%clk 1:29:48]} e5 {[%clk 1:30:37]} 2. Nf3 {[%clk 1:30:08]} Nc6
{[%clk 1:31:04]} 3. Bc4 {[%clk 1:30:33]} Nf6 {[%clk 1:31:31]} 4. d3
{[%clk 1:30:56]} Bc5 {[%clk 1:31:56]} 5. O-O {[%clk 1:30:31]} d6 {[%clk 1:31:05]}
6. a4 {[%clk 1:28:04]} a6 {[%clk 1:30:21]} 7. c3 {[%clk 1:28:26]} Ba7
{[%clk 1:30:41]} 8. h3 {[%clk 1:22:14]} h6 {[%clk 1:30:50]} 9. Re1
{[%clk 1:06:23]} g5 {[%clk 1:30:36]} 10. Nh2 {[%clk 1:01:01]} g4 {[%clk 1:16:40]}
11. hxg4 {[%clk 0:56:55]} Rg8 {[%clk 1:16:52]} 12. Qf3 {[%clk 0:47:39]} Qe7
{[%clk 1:16:48]} 13. Be3 {[%clk 0:46:15]} Nxg4 {[%clk 1:00:54]} 14. Bxa7
{[%clk 0:40:09]} Nxa7 {[%clk 1:00:07]} 15. Nd2 {[%clk 0:28:46]} Nxh2
{[%clk 0:54:56]} 16. Kxh2 {[%clk 0:29:09]} Bg4 {[%clk 0:55:07]} 17. Qe3
{[%clk 0:25:47]} Qh4+ {[%clk 0:54:49]} 18. Kg1 {[%clk 0:26:14]} Nc6
{[%clk 0:54:40]} 19. Nf1 {[%clk 0:24:15]} Be6 {[%clk 0:47:33]} 20. b4
{[%clk 0:19:17]} Ne7 {[%clk 0:46:39]} 21. Bxe6 {[%clk 0:17:04]} fxe6
{[%clk 0:47:06]} 22. d4 {[%clk 0:17:29]} Ng6 {[%clk 0:45:48]} 23. Ng3
{[%clk 0:15:30]} O-O-O {[%clk 0:42:51]} 24. a5 {[%clk 0:15:07]} Nf4
{[%clk 0:39:24]} 25. dxe5 {[%clk 0:14:15]} Rg5 {[%clk 0:38:14]} 26. exd6
{[%clk 0:12:26]} Rdg8 {[%clk 0:35:23]} 27. d7+ {[%clk 0:11:53]} Kd8
{[%clk 0:34:15]} 28. Ra2 {[%clk 0:02:50]} e5 {[%clk 0:16:48]} 29. Qf3
{[%clk 0:01:43]} Rxg3 {[%clk 0:15:50]} 30. fxg3 {[%clk 0:02:10]} Rxg3
{[%clk 0:16:16]} 31. Qd1 {[%clk 0:01:00]} Nh3+ {[%clk 0:16:20]} 32. Kh2
{[%clk 0:00:48]} Nf2+ {[%clk 0:16:40]} 0-1

[Event "Agen 2017 National"]
[Site "?"]
[Date "2017.08.27"]
[Round "9.5"]
[White "Lagarde, Maxime"]
[Black "Cornette, Matthieu"]
[Result "1-0"]
[BlackElo "2609"]
[WhiteElo "2607"]
[LiveChessVersion "1.4.8"]

1. e4 {[%clk 1:28:33]} c5 {[%clk 1:30:52]} 2. Nc3 {[%clk 1:28:55]} Nc6
{[%clk 1:31:17]} 3. Nge2 {[%clk 1:29:21]} e5 {[%clk 1:28:55]} 4. Nd5
{[%clk 1:28:09]} Nce7 {[%clk 1:28:46]} 5. Ne3 {[%clk 1:25:55]} Nf6
{[%clk 1:23:51]} 6. Nc3 {[%clk 1:26:09]} a6 {[%clk 1:23:30]} 7. a4
{[%clk 1:03:14]} g6 {[%clk 1:22:07]} 8. Bc4 {[%clk 0:58:33]} Bg7 9. d3
{[%clk 0:57:42]} d6 {[%clk 1:21:53]} 10. g4 {[%clk 0:54:05]} Be6 {[%clk 1:15:47]}
11. Qf3 {[%clk 0:50:00]} Rb8 {[%clk 1:03:11]} 12. h4 {[%clk 0:34:09]} Qd7
{[%clk 0:53:49]} 13. Rg1 {[%clk 0:27:30]} h5 {[%clk 0:50:14]} 14. Nf5
{[%clk 0:23:22]} gxf5 {[%clk 0:43:07]} 15. gxf5 {[%clk 0:22:30]} Bxc4
{[%clk 0:35:22]} 16. Rxg7 {[%clk 0:21:22]} b5 {[%clk 0:25:39]} 17. dxc4
{[%clk 0:15:55]} bxc4 {[%clk 0:26:05]} 18. Bg5 {[%clk 0:15:48]} Neg8
{[%clk 0:26:25]} 19. O-O-O {[%clk 0:10:08]} Kf8 {[%clk 0:26:14]} 20. Rxg8+
{[%clk 0:09:59]} Nxg8 {[%clk 0:26:11]} 21. f6 {[%clk 0:09:55]} Ke8
{[%clk 0:21:27]} 22. Qe2 {[%clk 0:07:53]} Nh6 {[%clk 0:20:11]} 23. f3
{[%clk 0:06:38]} Qb7 {[%clk 0:18:58]} 24. Rxd6 {[%clk 0:06:33]} Qxb2+
{[%clk 0:19:17]} 25. Kd2 {[%clk 0:06:59]} Qb4 {[%clk 0:15:19]} 26. Qh2
{[%clk 0:06:42]} 1-0

[Event "Agen 2017 - National Féminin"]
[Site "?"]
[Date "2017.08.27"]
[Round "9.1"]
[White "Haussernot, Cecile"]
[Black "Leconte, Maria"]
[Result "0-1"]
[BlackElo "2208"]
[WhiteElo "2077"]
[LiveChessVersion "1.4.8"]

1. e4 {[%clk 1:30:58]} c6 {[%clk 1:30:52]} 2. d3 {[%clk 1:31:22]} d5
{[%clk 1:29:50]} 3. Nd2 {[%clk 1:31:44]} e5 {[%clk 1:29:31]} 4. Ngf3
{[%clk 1:31:06]} Nd7 {[%clk 1:29:22]} 5. exd5 {[%clk 1:29:26]} cxd5
{[%clk 1:29:41]} 6. Qe2 {[%clk 1:29:49]} f6 {[%clk 1:12:51]} 7. c4
{[%clk 1:25:27]} Ne7 {[%clk 1:08:53]} 8. g3 {[%clk 1:23:58]} Nc5 {[%clk 1:02:32]}
9. d4 {[%clk 1:23:47]} exd4 {[%clk 1:01:22]} 10. Nxd4 {[%clk 1:22:42]} dxc4
{[%clk 1:00:41]} 11. Qxc4 {[%clk 1:22:56]} Nf5 {[%clk 0:45:07]} 12. N2f3
{[%clk 1:18:20]} Qb6 {[%clk 0:32:30]} 13. Bf4 {[%clk 1:07:58]} g5
{[%clk 0:28:28]} 14. Bd2 {[%clk 1:01:42]} Nd6 {[%clk 0:24:07]} 15. Qd5
{[%clk 1:00:03]} Bd7 {[%clk 0:17:50]} 16. Bxg5 {[%clk 0:51:41]} Nce4
{[%clk 0:13:01]} 17. Be3 {[%clk 0:47:46]} Qxb2 {[%clk 0:13:05]} 18. Rd1
{[%clk 0:39:02]} Rc8 {[%clk 0:11:37]} 19. Qh5+ {[%clk 0:36:13]} Nf7
{[%clk 0:10:48]} 20. Bd3 {[%clk 0:35:42]} Bb4+ {[%clk 0:09:20]} 21. Kf1
{[%clk 0:35:28]} Rc5 {[%clk 0:08:00]} 22. Qh4 {[%clk 0:33:47]} Neg5
{[%clk 0:08:26]} 23. Nxg5 {[%clk 0:32:43]} fxg5 {[%clk 0:08:52]} 24. Qe4+
{[%clk 0:32:48]} Re5 {[%clk 0:09:15]} 25. Qxb7 {[%clk 0:32:25]} Bh3+
{[%clk 0:07:09]} 26. Kg1 {[%clk 0:32:52]} O-O {[%clk 0:06:56]} 27. Rb1
{[%clk 0:30:53]} Qc3 {[%clk 0:02:57]} 28. Be4 {[%clk 0:26:43]} Bc5
{[%clk 0:02:51]} 29. Rc1 {[%clk 0:25:46]} Qa3 {[%clk 0:03:20]} 30. Qb1
{[%clk 0:23:26]} Nd6 {[%clk 0:03:14]} 31. Bxh7+ {[%clk 0:21:55]} Kh8
{[%clk 0:03:35]} 32. Bd3 {[%clk 0:22:19]} Qa5 {[%clk 0:02:07]} 33. Qb2
{[%clk 0:21:22]} Kg8 {[%clk 0:01:52]} 34. Qb3+ {[%clk 0:15:10]} Kh8
{[%clk 0:02:17]} 35. Qb2 {[%clk 0:12:55]} Ba3 {[%clk 0:02:42]} 36. Qe2
{[%clk 0:13:22]} g4 {[%clk 0:02:02]} 37. Re1 {[%clk 0:07:58]} Qd5
{[%clk 0:02:24]} 38. f3 {[%clk 0:08:24]} Bc5 {[%clk 0:02:29]} 39. Nc2
{[%clk 0:00:34]} Rxf3 {[%clk 0:02:48]} 40. Qd2 {[%clk 0:30:33]} Nf5
{[%clk 0:32:13]} 41. Nb4 {[%clk 0:28:34]} Rfxe3 {[%clk 0:29:32]} 42. Rxe3
{[%clk 0:28:07]} Bxe3+ {[%clk 0:29:55]} 43. Qxe3 {[%clk 0:28:29]} Qg2#
{[%clk 0:30:20]} 0-1

[Event "Agen 2017 - National Féminin"]
[Site "?"]
[Date "2017.08.27"]
[Round "9.2"]
[White "Navrotescu, Andreea"]
[Black "Roumegous, Marina"]
[Result "1/2-1/2"]
[BlackElo "2142"]
[WhiteElo "2150"]
[LiveChessVersion "1.4.8"]

1. Nf3 {[%clk 1:30:57]} e6 {[%clk 1:30:22]} 2. c4 {[%clk 1:30:28]} b6
{[%clk 1:29:53]} 3. g3 {[%clk 1:30:38]} Bb7 {[%clk 1:29:34]} 4. Bg2
{[%clk 1:30:50]} Nf6 {[%clk 1:28:08]} 5. b3 {[%clk 1:29:09]} Be7 {[%clk 1:27:59]}
6. Bb2 {[%clk 1:29:19]} O-O {[%clk 1:27:53]} 7. O-O {[%clk 1:29:35]} d5
{[%clk 1:21:39]} 8. d4 {[%clk 1:29:02]} c5 {[%clk 1:16:22]} 9. cxd5
{[%clk 1:28:08]} Bxd5 {[%clk 1:07:21]} 10. Nc3 {[%clk 1:25:59]} Bb7
{[%clk 1:07:27]} 11. e3 {[%clk 1:20:25]} Na6 {[%clk 1:03:39]} 12. Qe2
{[%clk 1:18:47]} Qc8 {[%clk 0:44:25]} 13. Rfd1 {[%clk 1:11:49]} Ne4
{[%clk 0:43:09]} 14. Rac1 {[%clk 1:09:49]} Rd8 {[%clk 0:42:36]} 15. a3
{[%clk 1:07:08]} Nc7 {[%clk 0:40:25]} 16. Nxe4 {[%clk 1:06:27]} Bxe4
{[%clk 0:40:47]} 17. dxc5 {[%clk 1:05:51]} Rxd1+ {[%clk 0:40:20]} 18. Qxd1
{[%clk 1:05:32]} bxc5 {[%clk 0:40:40]} 19. b4 {[%clk 1:03:08]} Qb7
{[%clk 0:38:25]} 20. Qd7 {[%clk 0:58:48]} Na6 {[%clk 0:35:34]} 21. Qxb7
{[%clk 0:47:05]} Bxb7 {[%clk 0:35:59]} 22. b5 {[%clk 0:46:40]} Nc7
{[%clk 0:35:36]} 23. a4 {[%clk 0:46:17]} f6 {[%clk 0:33:58]} 24. Nd2
{[%clk 0:35:30]} Bxg2 {[%clk 0:32:58]} 25. Kxg2 {[%clk 0:35:59]} Nd5
{[%clk 0:32:22]} 26. Nb3 {[%clk 0:30:32]} Nb6 {[%clk 0:26:59]} 27. a5
{[%clk 0:29:39]} Nd7 {[%clk 0:26:20]} 28. Rd1 {[%clk 0:19:50]} Nf8
{[%clk 0:25:57]} 29. Ba3 {[%clk 0:14:03]} Rb8 {[%clk 0:25:53]} 30. Nd4
{[%clk 0:13:13]} cxd4 {[%clk 0:22:06]} 31. Bxe7 {[%clk 0:13:37]} Ng6
{[%clk 0:18:01]} 32. Bc5 {[%clk 0:08:41]} Rxb5 {[%clk 0:17:51]} 33. Bxa7
{[%clk 0:09:06]} Rxa5 {[%clk 0:18:14]} 34. Bxd4 {[%clk 0:09:31]} Rd5
{[%clk 0:18:15]} 35. Rb1 {[%clk 0:09:23]} Rd7 {[%clk 0:18:25]} 36. Bc5
{[%clk 0:08:16]} Kf7 {[%clk 0:17:43]} 37. e4 {[%clk 0:08:22]} e5 {[%clk 0:17:37]}
38. Rb3 {[%clk 0:06:15]} h5 {[%clk 0:17:11]} 39. Kf3 {[%clk 0:06:16]} Rc7
{[%clk 0:17:19]} 40. Rb5 {[%clk 0:36:02]} Ke6 {[%clk 0:45:37]} 41. Ke3
{[%clk 0:36:20]} Ne7 {[%clk 0:37:58]} 42. f4 {[%clk 0:35:41]} Nc6
{[%clk 0:37:21]} 43. f5+ {[%clk 0:33:05]} Kf7 {[%clk 0:37:30]} 44. h3
{[%clk 0:26:53]} Na7 45. Ra5 {[%clk 0:27:22]} Nc6 {[%clk 0:34:08]} 46. Ra8
{[%clk 0:26:00]} Ne7 {[%clk 0:34:16]} 47. Bd6 {[%clk 0:25:10]} Rb7
{[%clk 0:31:52]} 48. Ba3 {[%clk 0:19:23]} g6 {[%clk 0:29:42]} 49. g4
{[%clk 0:19:06]} hxg4 {[%clk 0:30:06]} 50. hxg4 {[%clk 0:19:35]} Nc6
{[%clk 0:22:24]} 51. Kd3 {[%clk 0:18:53]} Rd7+ {[%clk 0:20:13]} 52. Kc4
{[%clk 0:18:50]} Nd4 {[%clk 0:19:58]} 53. Rf8+ {[%clk 0:14:00]} Kg7
{[%clk 0:20:21]} 54. g5 {[%clk 0:14:17]} Rf7 {[%clk 0:17:28]} 55. fxg6
{[%clk 0:12:55]} Rxf8 {[%clk 0:15:51]} 56. Bxf8+ {[%clk 0:13:23]} Kxg6
{[%clk 0:16:16]} 57. gxf6 {[%clk 0:13:38]} Kxf6 {[%clk 0:16:42]} 58. Kd5
{[%clk 0:14:01]} Ne6 {[%clk 0:13:38]} 59. Bb4 {[%clk 0:12:33]} Ng5
{[%clk 0:13:47]} 1/2-1/2